Virtual machines : (Record no. 14603)

MARC details
000 -LEADER
fixed length control field 00819cam a22002534a 4500
001 - CONTROL NUMBER
control field 11136
003 - CONTROL NUMBER IDENTIFIER
control field IN-BhIIT
005 - DATE AND TIME OF LATEST TRANSACTION
control field 20250122165156.0
008 - FIXED-LENGTH DATA ELEMENTS--GENERAL INFORMATION
fixed length control field 050509s2005 ne a b 001 0 eng
020 ## - INTERNATIONAL STANDARD BOOK NUMBER
ISBN 9781558609105 (hbk)
040 ## - CATALOGING SOURCE
Original cataloging agency IN-BhIIT
041 ## - LANGUAGE CODE
Language code of text eng
082 00 - DEWEY DECIMAL CLASSIFICATION NUMBER
Classification number 005.43
Book number SMI/V
100 1# - MAIN ENTRY--AUTHOR NAME
Personal name Smith, James E.
Relator term Author
245 10 - TITLE STATEMENT
Title Virtual machines :
Sub Title versatile platforms for systems and processes /
Statement of responsibility, etc by James E. Smith and Ravi Nair.
260 ## - PUBLICATION, DISTRIBUTION, ETC. (IMPRINT)
Place of publication Boston :
Name of publisher Morgan Kaufmann Publishers,
Year of publication 2005.
300 ## - PHYSICAL DESCRIPTION
Number of Pages xxii, 638 p. :
Other physical details(ill.) ill. ;
Dimensions(size) 24 cm.
504 ## - BIBLIOGRAPHY, ETC. NOTE
Bibliography, etc Includes bibliographical references and index.
650 #0 - SUBJECT ADDED ENTRY--TOPICAL TERM
Topical Term Virtual computer systems.
Topical Term Computer architecture.
Topical Term System design.
700 1# - ADDED ENTRY--PERSONAL NAME
Personal name Nair, Ravi.
Relator term Joint author
942 ## - ADDED ENTRY ELEMENTS (KOHA)
Koha item type Technical Reference Book
Koha issues (borrowed), all copies 1
Holdings
Withdrawn status Lost status Damaged status Not for loan Collection code Home library Current library Date acquired Source of acquisition Cost, normal purchase price Full call number Accession Number Cost, replacement price Price effective from Koha item type
Not withdrawn Not Lost not damaged     Central Library, IIT Bhubaneswar Central Library, IIT Bhubaneswar 17/01/2025 53 5451.73 005.43 SMI/V 11136 7468.14 17/01/2025 Technical Reference Book

Central Library, Indian Institute of Technology Bhubaneswar, 4th Floor, Administrative Building, Argul, Khordha, PIN-752050, Odisha, India
Phone: +91-674-7138750 | Email: circulation.library@iitbbs.ac.in (For circulation related queries),
Email: info.library@iitbbs.ac.in (For other queries)